000 00383nam a2200157Ia 4500
005 20250411024347.0
008 240331s9999 xx 000 0 und d
020 _a9555514501
082 _bSUR
_a891
100 _aSuriarachchi,K
245 0 _aKanda pamula
260 _aColombo
_bDayawansa Jayakody & Company
_c2006
300 _a239 p .,
650 _aA Sinhala Novel
942 _cL
999 _c5321
_d5321